00950nam a2200265 a 450000100060000000300080000600500170001400800410003103500190007203500120009104000330010304100080013608200250014410000540016924500810022324600250030425000160032926000480034530000290039350000610042265100280048394200120051199900170052395201440054041316BD-RjUL20211209053350.0160528s1953 ii 000 0 eng d a(BD-RjUL)41433 a2073231 aANLbengcANLdNUd(BD-RjUL) aeng 223 a954 bELH 1953 1 aElliot, H. M.q(Henry Miers),d1808-1853.912708714aThe history of India as told by its own historians :bthe Muhammedan period.3 aLater kings of Delhi a[2nd] ed. / aCalcutta :bSusil Gupta (India) Ltd.,c1953 a[12], 168 p. ; c21 cm.  aCover-title: Later kings of Delhi [by] Ziau-d din Barni. 0aIndiaxHistory.9127088 2ddccBK c41316d41316 00102ddc40718NFICaRUCLbRUCLcReadingd1957-02-19ePul.United Ltd g4.80l0o954.02 ELH 1953r2016-05-28 00:00:00tC-1w2021-12-09yBK